00381nam a2200157Ia 4500003000400000005001700004008004100021020001500062050002200077100001600099245003400115260003000149300002900179521000700208526000800215OSt20140402144730.0140130s9999 xx 000 0 und d a0439448999 aPZ 7 b.B146 2002 aBaglio, Ben cBen Baglio.aSpaniel Surprise bScholastic,aUSA :c2002. a117 p. :bill. ;c19 cm. aG5 c700